000
00309nam a2200121 a 4500
001
4140
005
20140414131945.0
008
090218s19uu xx 00 eng d
050
_a
TR 372.7
_b
L56 2006
245
_a
Let's do multiplication. Act. Bk. 10.
440
_a
Learning math with Albert
999
_c
112670
_d
112670